[Event "15th European Team Championship (Women)"]
[Site "Gothenburg SWE"]
[Date "2005.08.06"]
[EventDate "2005.07.30"]
[Round "8"]
[Result "1-0"]
[White "Tatiana Kosintseva"]
[Black "Nana Dzagnidze"]
[WhiteElo "2477"]
[BlackElo "2438"]
[PlyCount "123"]

1. e4 c5 2. Nf3 a6 3. d4 cxd4 4. Nxd4 d6 5. Nc3 Nf6 6. Be3 Nc6
7. Bc4 e6 8. Qe2 Na5 9. Bd3 e5 10. Nb3 Be7 11. O-O Be6 12. Bg5
O-O 13. Nxa5 Qxa5 14. Bxf6 Bxf6 15. Bc4 Rac8 16. Bb3 Qc7
17. Rfd1 Bg5 18. Rd3 Kh8 19. Rad1 Rcd8 20. Qh5 h6 21. h3 Qc5
22. Qe2 Bc8 23. Nd5 f5 24. Rc3 Qa7 25. Rf3 g6 26. exf5 Bxf5
27. Rc3 Rc8 28. Rxc8 Bxc8 29. Ne3 Qc5 30. Rd5 Qc7 31. Qd3 Rf6
32. Nc4 Bf5 33. Qd1 Be4 34. Rxd6 Rxd6 35. Nxd6 Qc6 36. Nf7+
Kg7 37. Nxe5 Qc7 38. Nd7 Qf4 39. Qd4+ Kh7 40. Nf8+ Qxf8
41. Qxe4 Qe7 42. Qc4 Qg7 43. c3 h5 44. Bc2 h4 45. Qg4 Qf6
46. c4 Kh6 47. Qe4 b6 48. b4 Bd2 49. c5 bxc5 50. bxc5 Bc3
51. c6 Be5 52. Bd3 a5 53. a4 Bc7 54. Qe3+ Qf4 55. Qxf4+ Bxf4
56. Kf1 g5 57. Ke2 g4 58. hxg4 Kg5 59. Kf3 Bb8 60. Bf5 Bc7
61. Ke4 Kf6 62. f4 1-0

[Event "ch-RUS w"]
[Site "Gorodets RUS"]
[Date "2006.??.??"]
[EventDate "?"]
[Round "11"]
[Result "1-0"]
[White "Valentina Gunina"]
[Black "Tatiana Kosintseva"]
[WhiteElo "2392"]
[BlackElo "2458"]
[PlyCount "71"]

1. d4 Nf6 2. c4 e6 3. Nf3 d5 4. Nc3 Bb4 5. Bg5 O-O 6. e3 c5
7. cxd5 exd5 8. Qc2 h6 9. Bh4 c4 10. Be2 Bg4 11. O-O Bxc3
12. bxc3 Nbd7 13. h3 Bh5 14. Ne5 Bxe2 15. Qxe2 Qa5 16. Rac1
Rae8 17. f3 Re6 18. e4 b5 19. Qc2 Nxe5 20. dxe5 Nd7 21. Rcd1
Nxe5 22. exd5 Ree8 23. Rfe1 f6 24. Qf5 Qxc3 25. d6 Nd3
26. Qd5+ Kh8 27. Rxe8 Rxe8 28. d7 Rd8 29. Bg3 Qa5 30. Kh2 Qb6
31. Qe4 f5 32. Qe8+ Kh7 33. Rd2 f4 34. Bh4 g5 35. Qf7+ Kh8
36. Re2 1-0

[Event "ch-RUS w"]
[Site "Gorodets RUS"]
[Date "2006.??.??"]
[EventDate "?"]
[Round "9"]
[Result "1-0"]
[White "Tatiana Kosintseva"]
[Black "Maria Komiagina"]
[WhiteElo "2458"]
[BlackElo "2326"]
[PlyCount "79"]

1. e4 c5 2. Nf3 d6 3. d4 cxd4 4. Nxd4 Nf6 5. Nc3 a6 6. Be3 e6
7. g4 h6 8. Bg2 Nc6 9. h3 Bd7 10. f4 Qc7 11. Qe2 Rc8 12. Qf2
Nxd4 13. Bxd4 e5 14. Bb6 Qc4 15. O-O-O Be7 16. Kb1 Be6 17. f5
Bd7 18. Bf3 Ba4 19. h4 Nd7 20. Be3 Nc5 21. Bxc5 Rxc5 22. Be2
Qb4 23. a3 Qa5 24. b4 Bxc2+ 25. Kxc2 Rxc3+ 26. Kxc3 Qxa3+
27. Kd2 d5 28. Ke1 Bxb4+ 29. Kf1 dxe4 30. Qg2 Qe3 31. Rh3 Qf4+
32. Kg1 Bc5+ 33. Kh1 Bf2 34. Rf1 e3 35. Qxb7 O-O 36. Qf3 Qa4
37. g5 Rd8 38. gxh6 gxh6 39. f6 Bxh4 40. Qg2+ 1-0

[Event "FIDE Women's World Championship"]
[Site "Ekaterinburg RUS"]
[Date "2006.03.14"]
[EventDate "2006.03.11"]
[Round "2.2"]
[Result "1/2-1/2"]
[White "Irina Krush"]
[Black "Tatiana Kosintseva"]
[WhiteElo "2447"]
[BlackElo "2479"]
[PlyCount "85"]

1. d4 Nf6 2. c4 e6 3. Nc3 Bb4 4. f3 c5 5. d5 O-O 6. e4 Re8
7. Nge2 d6 8. a4 exd5 9. cxd5 Nbd7 10. Ng3 Ne5 11. Be2 Bd7
12. O-O a6 13. Be3 c4 14. f4 Nd3 15. Bxd3 cxd3 16. Qxd3 Bxc3
17. bxc3 Nxe4 18. Bd4 f5 19. c4 Re7 20. a5 Rc8 21. Rfc1 Nc5
22. Qa3 Qe8 23. Rab1 h5 24. Bxc5 Rxc5 25. Rxb7 h4 26. Nf1 Re2
27. Qd3 Bc8 28. Rb8 Qe4 29. Qxe4 fxe4 30. Rc3 Kf7 31. Re3 Bg4
32. Rb6 Rxc4 33. Rxe2 Bxe2 34. Ne3 Rc5 35. Kf2 Bd3 36. Rxd6
Rxa5 37. Rd7+ Ke8 38. Rxg7 Ra2+ 39. Kg1 Ra1+ 40. Kf2 Ra2+
41. Kg1 Ra1+ 42. Kf2 Ra2+ 43. Kg1 1/2-1/2

[Event "Russian Club Championship: Women"]
[Site "Sochi RUS"]
[Date "2006.04.20"]
[EventDate "2006.04.20"]
[Round "1"]
[Result "0-1"]
[White "Natalia Pogonina"]
[Black "Tatiana Kosintseva"]
[WhiteElo "2440"]
[BlackElo "2489"]
[PlyCount "68"]

1. e4 c5 2. Nf3 Nc6 3. d4 cxd4 4. Nxd4 Nf6 5. Nc3 e5 6. Ndb5
d6 7. Bg5 a6 8. Na3 b5 9. Bxf6 gxf6 10. Nd5 Bg7 11. c3 f5
12. exf5 Bxf5 13. Nc2 Be6 14. Nce3 Ne7 15. Be2 Nxd5 16. Nxd5
O-O 17. O-O Rb8 18. Qd2 Kh8 19. Rfd1 f5 20. Qc2 e4 21. a4 bxa4
22. Rxa4 a5 23. Bc4 Be5 24. Ra2 Qg5 25. Bf1 Qh5 26. g3 f4
27. Rxa5 fxg3 28. hxg3 Bg4 29. Ne3 Bxd1 30. Nxd1 Rf6 31. Be2
Qg6 32. Bf1 Rbf8 33. Qe2 Bxg3 34. Bg2 Bxf2+ 0-1

[Event "Russian Club Championship: Women"]
[Site "Sochi RUS"]
[Date "2006.04.21"]
[EventDate "2006.04.20"]
[Round "2"]
[Result "1-0"]
[White "Tatiana Kosintseva"]
[Black "Olga Dolgova"]
[WhiteElo "2489"]
[BlackElo "2219"]
[PlyCount "81"]

1. e4 c6 2. d4 d5 3. e5 Bf5 4. Nd2 e6 5. Nb3 Nd7 6. Nf3 h5
7. Be2 Nh6 8. O-O Be7 9. Bd2 Bg6 10. Rc1 b5 11. a4 a6 12. Ra1
O-O 13. Bxh6 gxh6 14. Ne1 h4 15. Bd3 Kh7 16. f4 f5 17. exf6
Rxf6 18. Nf3 Bxd3 19. Qxd3+ Rf5 20. Rfe1 Qg8 21. axb5 cxb5
22. Qxf5+ exf5 23. Rxe7+ Kh8 24. Rxd7 h3 25. g3 Qe6 26. Ne5 a5
27. Nc5 Qb6 28. Rd6 Qa7 29. Rxh6+ Kg8 30. Rg6+ Kh8 31. Rd6 Rc8
32. Ng6+ Kg8 33. Rd7 Rc7 34. Rxc7 Qxc7 35. Re1 Qd6 36. Re6 Qd8
37. Ne5 Qc8 38. Rc6 Qa8 39. Ncd7 Kh7 40. Rg6 Qc8 41. Nf6+ 1-0

[Event "Russian Club Championship: Women"]
[Site "Sochi RUS"]
[Date "2006.04.24"]
[EventDate "2006.04.20"]
[Round "5"]
[Result "0-1"]
[White "Tatiana Shadrina"]
[Black "Tatiana Kosintseva"]
[WhiteElo "2371"]
[BlackElo "2489"]
[PlyCount "84"]

1. e4 c5 2. Nf3 Nc6 3. d4 cxd4 4. Nxd4 Nf6 5. Nc3 e5 6. Ndb5
d6 7. Bg5 a6 8. Na3 b5 9. Bxf6 gxf6 10. Nd5 Bg7 11. Bd3 Ne7
12. Nxe7 Qxe7 13. c4 f5 14. O-O O-O 15. Qh5 Rb8 16. exf5 e4
17. Rae1 Bb7 18. Qg4 Kh8 19. Bxe4 Rfe8 20. Re3 Bxe4 21. Rfe1
Qf6 22. Rxe4 Rxe4 23. Qxe4 Qxb2 24. Nc2 bxc4 25. g4 d5 26. Qf4
Rc8 27. Ne3 c3 28. f6 Bf8 29. Qf5 Rd8 30. Nc2 d4 31. Rd1 Qxa2
32. Rxd4 Qb1+ 33. Kg2 Rxd4 34. Nxd4 Qxf5 35. gxf5 Bd6 36. h3
Be5 37. Nc2 Bxf6 38. Kf3 Kg7 39. Ke4 Kh6 40. Kd3 Kg5 41. Ne3
Kf4 42. h4 Bxh4 0-1

[Event "Russian Club Championship: Women"]
[Site "Sochi RUS"]
[Date "2006.04.26"]
[EventDate "2006.04.20"]
[Round "7"]
[Result "0-1"]
[White "Tatiana Kosintseva"]
[Black "Irina Slavina Turova"]
[WhiteElo "2489"]
[BlackElo "2362"]
[PlyCount "76"]

1. e4 e5 2. Nf3 Nc6 3. Bb5 Nf6 4. d3 d6 5. O-O g6 6. d4 Bd7
7. Re1 Bg7 8. d5 Ne7 9. Bxd7+ Nxd7 10. c4 O-O 11. Nc3 h6
12. Rb1 f5 13. b4 Nf6 14. Nd2 Qd7 15. f3 a6 16. c5 g5 17. Nc4
Rab8 18. b5 axb5 19. Nxb5 g4 20. cxd6 cxd6 21. Ncxd6 gxf3
22. Qxf3 fxe4 23. Nxe4 Nfxd5 24. Qb3 Kh8 25. Ba3 Nf4 26. Rbd1
Qg4 27. Ng3 Nfg6 28. Nd6 Ra8 29. Nc4 b5 30. Nxe5 Bxe5 31. Bxe7
Bd4+ 32. Kh1 Nxe7 33. Rxe7 Ra3 34. Qb1 Bg7 35. Ne4 Rxa2
36. Rg1 Ra1 37. Rxg7 Rxb1 38. Rxg4 Rff1 0-1

[Event "Russian Club Championship: Women"]
[Site "Sochi RUS"]
[Date "2006.04.27"]
[EventDate "2006.04.20"]
[Round "8"]
[Result "0-1"]
[White "Tatiana Kosintseva"]
[Black "Elena V Bystryakova"]
[WhiteElo "2489"]
[BlackElo "2191"]
[PlyCount "90"]

1. e4 c6 2. d4 d5 3. e5 c5 4. dxc5 e6 5. a3 Bxc5 6. Qg4 Ne7
7. b4 Bb6 8. Qxg7 Rg8 9. Qxh7 Bd4 10. Ra2 Bxe5 11. Nf3 Bf6
12. Bb2 Bxb2 13. Rxb2 Qc7 14. h4 Nbc6 15. Nbd2 Ne5 16. Ng5 Bd7
17. Be2 f6 18. Ngf3 Rxg2 19. Qh8+ Ng8 20. Kf1 O-O-O 21. Kxg2
Ng6 22. Qh7 Nf4+ 23. Kf1 Nxe2 24. Qd3 Nf4 25. Qd4 b6 26. b5 e5
27. Qb4 Kb8 28. Rg1 Nh6 29. a4 Bh3+ 30. Ke1 Ng4 31. Nb3 d4
32. Nfd2 d3 33. c3 f5 34. f3 Ne3 35. Kf2 Nfd5 36. Qa3 Qh7
37. Kg3 Rg8+ 38. Kh2 Rxg1 39. Qd6+ Nc7 40. Nc5 Rg2+ 41. Kh1
Rg1+ 42. Kh2 Rg2+ 43. Kh1 Rg8 44. Na6+ Kc8 45. Rb4 Qg7 0-1

[Event "Russian Club Championship: Women"]
[Site "Sochi RUS"]
[Date "2006.04.29"]
[EventDate "2006.04.20"]
[Round "10"]
[Result "1/2-1/2"]
[White "Elena Zaiatz"]
[Black "Tatiana Kosintseva"]
[WhiteElo "2417"]
[BlackElo "2489"]
[PlyCount "54"]

1. d4 Nf6 2. c4 e6 3. Nc3 Bb4 4. e3 O-O 5. Nf3 d5 6. a3 Bxc3+
7. bxc3 c5 8. Bb2 Nc6 9. Bd3 Na5 10. Ne5 Ne4 11. Qc2 f6
12. Nf3 Qb6 13. Rb1 f5 14. Ne5 cxd4 15. cxd4 Nxc4 16. Bxc4
Qa5+ 17. Ke2 dxc4 18. f3 Nd6 19. a4 Qd5 20. Ba3 b6 21. Bxd6
Qxd6 22. Qxc4 Bb7 23. Qb4 Ba6+ 24. Kd2 Qd5 25. Qb3 Qd6 26. Qb4
Qd5 27. Qb3 Qd6 1/2-1/2

[Event "Corus Group B"]
[Site "Wijk aan Zee NED"]
[Date "2007.01.14"]
[EventDate "2007.01.13"]
[Round "2"]
[Result "1/2-1/2"]
[White "Tatiana Kosintseva"]
[Black "Vladimir Georgiev"]
[WhiteElo "2474"]
[BlackElo "2525"]
[PlyCount "98"]

1. e4 e5 2. Nf3 Nc6 3. Bb5 a6 4. Ba4 Nf6 5. O-O Bc5 6. c3 b5
7. Bb3 d6 8. d3 O-O 9. Bg5 Bb6 10. Nbd2 Ne7 11. a4 Rb8
12. axb5 axb5 13. Nh4 Bg4 14. Ndf3 Kh8 15. Bxf6 gxf6 16. Qd2
Qd7 17. d4 Rg8 18. g3 Rg7 19. Bd1 f5 20. exf5 Nxf5 21. Bc2
Rbg8 22. Nxf5 Bxf5 23. Bxf5 Qxf5 24. Kg2 f6 25. Qe2 Qd7
26. Rfd1 Qc6 27. Kg1 Re8 28. Re1 Rgg8 29. Qe4 Qxe4 30. Rxe4 f5
31. Ree1 f4 32. Re4 exd4 33. Rxf4 dxc3 34. bxc3 Rgf8 35. Rxf8+
Rxf8 36. Kg2 Re8 37. Ra2 Re4 38. Ng5 Rc4 39. Ne6 Kg8 40. Ra8+
Kf7 41. Ng5+ Kg7 42. Ne6+ Kf7 43. Ng5+ Kf6 44. Nxh7+ Kg7
45. Ng5 Rxc3 46. h4 Rc2 47. Kh3 b4 48. f4 b3 49. Rd8 b2
1/2-1/2

[Event "Corus Group B"]
[Site "Wijk aan Zee NED"]
[Date "2007.01.15"]
[EventDate "2007.01.13"]
[Round "3"]
[Result "1-0"]
[White "Friso Nijboer"]
[Black "Tatiana Kosintseva"]
[WhiteElo "2638"]
[BlackElo "2474"]
[PlyCount "175"]

1. e4 c5 2. Nf3 d6 3. d4 cxd4 4. Nxd4 Nf6 5. Nc3 Nc6 6. Bg5 e6
7. Qd2 Be7 8. O-O-O Qb6 9. Ndb5 O-O 10. Qe1 Rd8 11. Na4 Qa5
12. Qxa5 Nxa5 13. Be2 Nc6 14. Nac3 a6 15. Nd4 Bd7 16. f3 b5
17. a3 Rac8 18. Nb3 Be8 19. Kb1 Kf8 20. Bf4 Ne5 21. Na5 Rb8
22. Na2 Nc6 23. Nxc6 Bxc6 24. Nb4 Bb7 25. c3 a5 26. Nc2 Bc6
27. Nd4 Be8 28. Bd2 g6 29. g4 e5 30. Nb3 Ra8 31. Nc1 d5
32. Nd3 dxe4 33. Nxe5 exf3 34. Bxf3 Rac8 35. Bf4 Kg7 36. Rhe1
Rxd1+ 37. Rxd1 h6 38. Be3 Nh7 39. Bb7 Rb8 40. Bf3 Ng5 41. Bg2
b4 42. axb4 axb4 43. c4 Ba4 44. Re1 Bf6 45. Nd3 Bd7 46. Bf4
Rc8 47. Ne5 Be8 48. Bd5 Ne6 49. Bd2 Bh4 50. Rf1 Rb8 51. b3 Bd8
52. Bc1 f6 53. Nd3 Nc7 54. Bf3 g5 55. Be4 h5 56. gxh5 Bxh5
57. h4 Ne6 58. hxg5 Nxg5 59. Bf5 Bg6 60. Bxg6 Kxg6 61. Bd2 Be7
62. Nf4+ Kf7 63. Nd5 Ne4 64. Kc2 Bd6 65. Be3 Ke6 66. Kd3 f5
67. Rh1 Nc5+ 68. Bxc5 Bxc5 69. Re1+ Kd6 70. Nf4 Rg8 71. Re6+
Kd7 72. Re5 Rg3+ 73. Ke2 Bd6 74. Rd5 Kc6 75. Ne6 Rg2+ 76. Kf1
Rg6 77. Nd4+ Kb6 78. Rb5+ Ka6 79. Rxf5 Bc7 80. Ke2 Rg3 81. Nf3
Bb6 82. Kd3 Rh3 83. Ke4 Rh1 84. c5 Bc7 85. Nd4 Rc1 86. Kd5 Bh2
87. Rf6+ Kb7 88. Rb6+ 1-0

[Event "Corus Group B"]
[Site "Wijk aan Zee NED"]
[Date "2007.01.19"]
[EventDate "2007.01.13"]
[Round "6"]
[Result "1-0"]
[White "Tatiana Kosintseva"]
[Black "Suat Atalik"]
[WhiteElo "2474"]
[BlackElo "2586"]
[PlyCount "113"]

1. e4 c5 2. Nf3 d6 3. d4 cxd4 4. Nxd4 Nf6 5. Nc3 Nc6 6. Bg5 e6
7. Qd2 a6 8. O-O-O Bd7 9. f3 Be7 10. Kb1 Qc7 11. Be3 h5
12. Bd3 Rc8 13. h3 h4 14. f4 Nxd4 15. Bxd4 e5 16. Be3 Qa5
17. Rhf1 exf4 18. Bxf4 Be6 19. a3 Nh5 20. Nd5 Qxd2 21. Bxd2
Bf6 22. Nxf6+ Nxf6 23. Bb4 Rc6 24. Rfe1 Rh5 25. Be2 Re5
26. Bf3 Ke7 27. Rd3 Nd7 28. Red1 Nc5 29. Re3 Rc8 30. Bc3 Rg5
31. e5 d5 32. Be1 Rg6 33. Bxh4+ Ke8 34. Bxd5 Bxd5 35. Rxd5
Rxg2 36. Rc3 g5 37. Bxg5 Rxg5 38. Rcxc5 Rxc5 39. Rxc5 f6
40. Rc7 Rg1+ 41. Ka2 fxe5 42. Rxb7 e4 43. Rb4 Re1 44. Kb3 a5
45. Rb5 Kd7 46. Rxa5 Kd6 47. Kc3 Rd1 48. Ra8 Ke5 49. b4 e3
50. b5 Kf4 51. Re8 Kf3 52. a4 Ra1 53. Kb4 e2 54. a5 e1=Q+
55. Rxe1 Rxe1 56. a6 Ra1 57. Kc5 1-0

[Event "Corus Group B"]
[Site "Wijk aan Zee NED"]
[Date "2007.01.24"]
[EventDate "2007.01.13"]
[Round "10"]
[Result "0-1"]
[White "Tatiana Kosintseva"]
[Black "Erwin L'Ami"]
[WhiteElo "2474"]
[BlackElo "2594"]
[PlyCount "136"]

1. e4 e5 2. Nf3 Nc6 3. Bb5 Nf6 4. d3 d6 5. O-O Bd7 6. c3 g6
7. Nbd2 Bg7 8. Re1 O-O 9. Nf1 Qe8 10. Ba4 Kh8 11. Bb3 Ng8
12. Ne3 f5 13. exf5 gxf5 14. Nd5 Rc8 15. d4 e4 16. Ng5 Nd8
17. Nf4 Bf6 18. Nh5 Be7 19. Nh3 c6 20. N3f4 b5 21. a4 a6
22. axb5 axb5 23. d5 c5 24. c4 bxc4 25. Bxc4 Nf7 26. b3 Ne5
27. Bb2 Nf6 28. Ng3 Rg8 29. Ra7 Rg4 30. Ne6 Qg6 31. Bxe5 dxe5
32. d6 Bf8 33. Qa1 f4 34. Qxe5 fxg3 35. hxg3 Bg7 36. Nf4 Qh6
37. Rxd7 Nxd7 38. Qf5 Rxf4 39. gxf4 Qxd6 40. Rxe4 Rf8 41. Qe6
Qd2 42. g3 Nf6 43. Re2 Qd1+ 44. Kg2 Qd4 45. Re3 Qd7 46. Qxd7
Nxd7 47. Re7 Rd8 48. Kf3 Bd4 49. g4 Nb6 50. Be6 Nc8 51. Rc7
Nd6 52. f5 h6 53. Kg2 Ne8 54. Rb7 Nf6 55. Kf3 Be5 56. b4 c4
57. Bxc4 Rd4 58. Bf7 Rxg4 59. Bg6 Rf4+ 60. Kg2 Rg4+ 61. Kh3
Rc4 62. b5 Rc3+ 63. Kg2 Nd5 64. Be8 Nf4+ 65. Kh2 Bd4 66. Kg1
Rc1+ 67. Kh2 Bxf2 68. Bg6 Rc3 0-1

[Event "Corus Group B"]
[Site "Wijk aan Zee NED"]
[Date "2007.01.26"]
[EventDate "2007.01.13"]
[Round "11"]
[Result "1-0"]
[White "Jan Smeets"]
[Black "Tatiana Kosintseva"]
[WhiteElo "2538"]
[BlackElo "2474"]
[PlyCount "77"]

1. e4 c5 2. Nf3 Nc6 3. d4 cxd4 4. Nxd4 Nf6 5. Nc3 e5 6. Ndb5
d6 7. Bg5 a6 8. Na3 b5 9. Nd5 Be7 10. Bxf6 Bxf6 11. c3 Bg5
12. Nc2 O-O 13. a4 bxa4 14. Rxa4 a5 15. Bc4 Rb8 16. b3 Kh8
17. Nce3 Be6 18. h4 Bxe3 19. Nxe3 Bxc4 20. Nxc4 f5 21. O-O Rf6
22. Qd5 Ne7 23. Qxa5 fxe4 24. Qxd8+ Rxd8 25. Rd1 Nf5 26. Nxe5
Re8 27. Ng4 Rg6 28. Ne3 Nxe3 29. fxe3 h6 30. Rdd4 Rg4 31. Rxd6
Rxh4 32. c4 Rc8 33. Rd5 Rg4 34. c5 Rc6 35. b4 Rcg6 36. Rd2
R4g5 37. Rc2 Rc6 38. Ra8+ Kh7 39. Re8 1-0

[Event "6th Aeroflot Festival"]
[Site "Moscow RUS"]
[Date "2007.02.19"]
[EventDate "2007.02.14"]
[Round "6"]
[Result "1-0"]
[White "Yuri Kuzubov"]
[Black "Tatiana Kosintseva"]
[WhiteElo "2554"]
[BlackElo "2474"]
[PlyCount "105"]

1. d4 Nf6 2. c4 e6 3. Nf3 d5 4. e3 a6 5. Nbd2 c5 6. cxd5 exd5
7. dxc5 Bxc5 8. Be2 Nc6 9. O-O O-O 10. Nb3 Bb6 11. Bd2 Ne4
12. Rc1 Re8 13. Bc3 Qd6 14. Nbd4 Bg4 15. h3 Bd7 16. Bd3 Bc7
17. Re1 Rad8 18. Nxc6 bxc6 19. Bxe4 Rxe4 20. Bd4 Qh6 21. Kf1
Ree8 22. a3 f5 23. Rc3 f4 24. exf4 Qxf4 25. Rce3 c5 26. Rxe8+
Bxe8 27. Be5 Qc4+ 28. Kg1 Ba5 29. b3 Qb5 30. b4 cxb4 31. Bxg7
Bg6 32. Ba1 Bb6 33. Nd4 Qd7 34. axb4 Re8 35. Rxe8+ Qxe8
36. Bc3 Qe4 37. Qd2 Qb1+ 38. Kh2 Bc7+ 39. g3 Qe4 40. Qe2 Kf7
41. f3 Qxe2+ 42. Nxe2 Bd3 43. Nd4 Be5 44. Kg2 h5 45. Kf2 h4
46. g4 Bg3+ 47. Ke3 Bf1 48. Nf5 Bxh3 49. Nxg3 hxg3 50. Kf4 Bf1
51. Kxg3 Bd3 52. Bd4 Kg6 53. f4 1-0

[Event "Women's World Team Championship"]
[Site "Ekaterinburg RUS"]
[Date "2007.05.21"]
[EventDate "?"]
[Round "2"]
[Result "1-0"]
[White "Zhao Xue"]
[Black "Tatiana Kosintseva"]
[WhiteElo "2467"]
[BlackElo "2459"]
[PlyCount "87"]

1. d4 d5 2. c4 c6 3. Nc3 Nf6 4. Nf3 dxc4 5. a4 Bf5 6. e3 e6
7. Bxc4 Bb4 8. O-O Nbd7 9. Qe2 O-O 10. e4 Bg6 11. Bd3 Bh5
12. e5 Nd5 13. Nxd5 cxd5 14. Qe3 Be7 15. Ng5 Bxg5 16. Qxg5 Bg6
17. Be2 Rc8 18. Qe3 Rc2 19. Bd1 Rc6 20. Bd2 f6 21. exf6 Qxf6
22. a5 Bc2 23. Be2 a6 24. Rfe1 Qg6 25. b4 Nf6 26. b5 axb5
27. Bxb5 Rcc8 28. Qxe6+ Kh8 29. Bb4 Bf5 30. Qd6 Rfd8 31. Qg3
Qh6 32. Qe3 Qg6 33. Rac1 Rxc1 34. Rxc1 Ng4 35. Qf4 Nf6 36. h3
Qh6 37. Qe3 Qg6 38. f3 h6 39. Rc7 Bxh3 40. Kf1 Re8 41. Qf2 Rc8
42. Rxb7 Nh5 43. Rb6 Be6 44. Qe3 1-0

[Event "Women's World Team Championship"]
[Site "Ekaterinburg RUS"]
[Date "2007.05.22"]
[EventDate "2007.05.20"]
[Round "3"]
[Result "1-0"]
[White "Tatiana Kosintseva"]
[Black "Kieu Thien Kim Le"]
[WhiteElo "2459"]
[BlackElo "2298"]
[PlyCount "99"]

1. e4 e5 2. Nf3 Nf6 3. Nxe5 d6 4. Nf3 Nxe4 5. Nc3 Nf6 6. d4
Bg4 7. h3 Bh5 8. Be2 Be7 9. Bg5 h6 10. Be3 Nbd7 11. d5 Nb6
12. Bb5+ Nfd7 13. g4 Bg6 14. Qe2 a6 15. Bd3 Bxd3 16. Qxd3 Ne5
17. Nxe5 dxe5 18. O-O-O Bd6 19. Ne4 Qe7 20. f4 Nd7 21. f5
O-O-O 22. Kb1 Nf6 23. c4 Nxe4 24. Qxe4 f6 25. h4 Bc5 26. Bc1
Kb8 27. a3 Rd7 28. g5 hxg5 29. hxg5 Rhd8 30. g6 c6 31. Rh7 Qf8
32. Rd3 Qg8 33. Rdh3 cxd5 34. cxd5 Bf8 35. Rd3 Rxd5 36. Qc4 e4
37. Bf4+ Ka7 38. Be3+ Kb8 39. Rxd5 Qxd5 40. Qxd5 Rxd5 41. Rh8
Rd8 42. Bc5 Be7 43. Rxd8+ Bxd8 44. Bf8 Kc7 45. Bxg7 Kd7
46. Bf8 Ke8 47. Bc5 Bc7 48. Bd4 Bd8 49. Kc2 Kf8 50. Kd2 1-0

[Event "Women's World Team Championship"]
[Site "Ekaterinburg RUS"]
[Date "2007.05.23"]
[EventDate "2007.05.20"]
[Round "4"]
[Result "1/2-1/2"]
[White "Tatiana Kosintseva"]
[Black "Monika (Bobrowska) Socko"]
[WhiteElo "2459"]
[BlackElo "2481"]
[PlyCount "139"]

1. e4 e6 2. d4 d5 3. Nc3 Nf6 4. e5 Nfd7 5. f4 c5 6. Nf3 Nc6
7. Be3 Qb6 8. Na4 Qa5+ 9. c3 c4 10. b4 Qc7 11. Be2 Be7 12. O-O
f5 13. exf6 Nxf6 14. Ne5 O-O 15. Qc2 b6 16. Nb2 Bb7 17. Bf3
Nxe5 18. dxe5 Ne4 19. Bg4 Qc8 20. Bd4 b5 21. a4 a5 22. axb5
axb4 23. Rxa8 Bxa8 24. cxb4 Bxb4 25. Na4 Qe8 26. Nb6 Bb7
27. Qa4 Bc5 28. Bxc5 Nxc5 29. Qb4 Ne4 30. f5 Qd8 31. Nd7 Rf7
32. fxe6 Rxf1+ 33. Kxf1 c3 34. Bd1 h6 35. g3 Qe8 36. Bc2 Qxe6
37. Qf8+ Kh7 38. Nc5 Qb6 39. Qf5+ Kg8 40. Nxe4 Qxb5+ 41. Ke1
dxe4 42. Qe6+ Kh7 43. Qf5+ Kg8 44. Qe6+ Kh7 45. Bb3 Qc5
46. Qg8+ Kg6 47. Qf7+ Kh7 48. Qg8+ Kg6 49. Bf7+ Kf5 50. Qh7+
Kxe5 51. Qxg7+ Kd6 52. Qxh6+ Kc7 53. Qf4+ Kb6 54. Kd1 Qd4+
55. Kc1 Qd3 56. Bb3 Qd4 57. Bd1 Bc6 58. Qb8+ Bb7 59. Qf4 Qc5
60. Bc2 e3 61. Bd3 Bc6 62. Qb8+ Ka5 63. Qc7+ Kb4 64. Qb8+ Ka3
65. Bc2 Bd5 66. Qe8 Bc6 67. Qb8 Bd5 68. Qe8 Bc6 69. Qb8 Bd5
70. Qe8 1/2-1/2

[Event "Women's World Team Championship"]
[Site "Ekaterinburg RUS"]
[Date "2007.05.27"]
[EventDate "2007.05.20"]
[Round "7"]
[Result "1/2-1/2"]
[White "Elina Danielian"]
[Black "Tatiana Kosintseva"]
[WhiteElo "2424"]
[BlackElo "2459"]
[PlyCount "61"]

1. d4 Nf6 2. Nf3 d5 3. c4 e6 4. Nc3 c6 5. e3 Nbd7 6. Qc2 b6
7. cxd5 exd5 8. Bd3 Be7 9. O-O Bb7 10. e4 dxe4 11. Nxe4 O-O
12. Ne5 c5 13. Ng5 g6 14. Bc4 Nd5 15. Ngxf7 Rxf7 16. Nxf7 Kxf7
17. Qb3 N7f6 18. dxc5 Kg7 19. Rd1 Bxc5 20. Bg5 Qf8 21. Qh3 Kh8
22. Qf3 Qg7 23. Bxd5 Nxd5 24. Rxd5 Rf8 25. Qxf8+ Bxf8 26. Rd8
h6 27. Be3 Kh7 28. Rad1 Bc6 29. Rc8 Bb7 30. Rcd8 Bc6 31. Rc8
1/2-1/2

[Event "Women's World Team Championship"]
[Site "Ekaterinburg RUS"]
[Date "2007.05.28"]
[EventDate "2007.05.20"]
[Round "8"]
[Result "1-0"]
[White "Tatiana Kosintseva"]
[Black "Jana Jackova"]
[WhiteElo "2459"]
[BlackElo "2423"]
[PlyCount "89"]

1. e4 e5 2. Nf3 Nc6 3. Bb5 a6 4. Ba4 Nf6 5. O-O Be7 6. d3 b5
7. Bb3 O-O 8. a4 b4 9. a5 d6 10. Nbd2 h6 11. c3 Rb8 12. Nc4
Be6 13. d4 exd4 14. cxd4 d5 15. Nce5 Na7 16. exd5 Bxd5 17. Nh4
Nc6 18. Nxc6 Bxc6 19. Ng6 Re8 20. Bxf7+ Kh7 21. Bxe8 Qxe8
22. Nxe7 Qxe7 23. Re1 Qd6 24. Qc2+ Kh8 25. Qc5 Qd7 26. f3 Rb5
27. Qf8+ Ng8 28. Be3 b3 29. Bf2 Rg5 30. Re5 Rxe5 31. dxe5 Qd2
32. Qa3 Bd5 33. Re1 Be6 34. Qa1 Ne7 35. Qd1 Qxb2 36. Qd8+ Ng8
37. Qxc7 Qa2 38. Bd4 b2 39. Qc2 Qxa5 40. Rf1 Ne7 41. Qxb2 Nf5
42. Bf2 Qd5 43. Qa1 Bd7 44. Rd1 Qe6 45. g4 1-0

[Event "Women's World Team Championship"]
[Site "Ekaterinburg RUS"]
[Date "2007.05.29"]
[EventDate "2007.05.20"]
[Round "9"]
[Result "0-1"]
[White "Tuduetso Sabure"]
[Black "Tatiana Kosintseva"]
[WhiteElo "2067"]
[BlackElo "2459"]
[PlyCount "74"]

1. e4 c5 2. Nf3 d6 3. d4 cxd4 4. Nxd4 Nf6 5. Nc3 g6 6. Be2 Bg7
7. O-O O-O 8. Be3 Nc6 9. Nxc6 bxc6 10. Rb1 Bb7 11. f3 e5
12. Qd2 d5 13. exd5 cxd5 14. Bf2 d4 15. Na4 Nd5 16. Nc5 Bc6
17. Nd3 f5 18. Nb4 Nxb4 19. Qxb4 a5 20. Qc5 Rc8 21. Bc4+ Kh8
22. Be6 Bd7 23. Qd5 Bxe6 24. Qxe6 Rxc2 25. Rfc1 d3 26. Qb3
Rxc1+ 27. Rxc1 e4 28. Rd1 Qf6 29. Qb5 Qxb2 30. Qxa5 Qc2
31. Rf1 Qc4 32. Qa7 d2 33. Qd7 Qc3 34. Rd1 e3 35. Bxe3 Qxe3+
36. Kf1 Bc3 37. a4 Qe1+ 0-1

[Event "Russia - China Match"]
[Site "Ningbo CHN"]
[Date "2008.09.20"]
[EventDate "2008.09.19"]
[Round "3"]
[Result "0-1"]
[White "Tatiana Kosintseva"]
[Black "Yuhua Xu"]
[WhiteElo "2511"]
[BlackElo "2517"]
[PlyCount "92"]

1. e4 e6 2. d4 d5 3. Nc3 Nf6 4. e5 Nfd7 5. f4 c5 6. Nf3 Nc6
7. Be3 Be7 8. Qd2 O-O 9. Be2 a6 10. O-O b5 11. a3 Qb6 12. Nd1
a5 13. c3 a4 14. Nf2 Na5 15. dxc5 Bxc5 16. Bxc5 Nxc5 17. Qe3
Nc4 18. Bxc4 bxc4 19. Rae1 Rb8 20. Re2 Ba6 21. Nd4 Nb3 22. Rd1
Rfd8 23. g4 Nc5 24. h3 Re8 25. Kh2 Qc7 26. Qg3 Rb6 27. Rdd2
Kh8 28. f5 Nd3 29. Nxd3 cxd3 30. Re1 Qb8 31. f6 Rxb2 32. Qg2
Rxd2 33. Qxd2 gxf6 34. Qh6 Qb2+ 35. Kg3 d2 36. Qxf6+ Kg8
37. Qg5+ Kf8 38. Qh6+ Ke7 39. Qf6+ Kd7 40. Rd1 Qxc3+ 41. Nf3
Be2 42. Rb1 d1=Q 43. Qxf7+ Re7 44. Rb7+ Kc6 45. Qxe7 Qxf3+
46. Kh4 Qe1+ 0-1

[Event "Russia - China Match"]
[Site "Ningbo CHN"]
[Date "2008.09.22"]
[EventDate "2008.09.18"]
[Round "5"]
[Result "0-1"]
[White "Huang Qian"]
[Black "Tatiana Kosintseva"]
[WhiteElo "2430"]
[BlackElo "2511"]
[PlyCount "114"]

1. d4 Nf6 2. c4 e6 3. Nc3 Bb4 4. Qc2 O-O 5. a3 Bxc3+ 6. Qxc3
d6 7. Bg5 Nbd7 8. c5 dxc5 9. dxc5 e5 10. e3 Qe8 11. Qc2 e4
12. Rc1 Qe6 13. Ne2 Nd5 14. Nd4 Qg6 15. Bh4 Ne5 16. Bg3 Re8
17. Bc4 Nxc4 18. Qxc4 c6 19. O-O Be6 20. Nxe6 Rxe6 21. Rfd1
Qf5 22. Rd4 h5 23. Rcd1 Rd8 24. b4 a6 25. a4 Kh7 26. b5 axb5
27. axb5 Ra8 28. h3 Nf6 29. Rd6 Ra5 30. Rxe6 fxe6 31. bxc6
bxc6 32. Bd6 Rb5 33. Qc2 Nd5 34. Rd4 Rb4 35. Rd1 Qf6 36. Rc1
Kh6 37. Kh2 Rb2 38. Qxe4 Rxf2 39. Rc4 Re2 40. Be5 Qf5 41. Qxf5
exf5 42. Bd4 Nxe3 43. Bxe3+ Rxe3 44. Rd4 Re6 45. Rd6 Rg6
46. h4 f4 47. Rd4 Rf6 48. Kg1 g5 49. hxg5+ Kxg5 50. Kf2 Rf5
51. Rc4 Rd5 52. g3 Rd2+ 53. Ke1 fxg3 54. Kxd2 g2 55. Rc1 Kf4
56. Ke2 Kg3 57. Rd1 h4 0-1